| 000 | 00720nam a22002417a 4500 | ||
|---|---|---|---|
| 005 | 20170124110252.0 | ||
| 010 | _a098345 | ||
| 020 | _c00.00 | ||
| 035 | _a098345 | ||
| 037 | _bCen Lib/Ret | ||
| 040 |
_aDPL _bEN |
||
| 082 |
_a027.40960 _bUNE |
||
| 110 |
_aUNESCO _999412 |
||
| 245 |
_aDevelopment of public libraries in Africa : _bthe Ibadan seminar / |
||
| 260 |
_aParis _bUNESCO _c1954 |
||
| 270 |
_bParis _a19 avenue Kleber |
||
| 300 |
_a153p. : _c21cm(Hb) _bill. |
||
| 490 | _aUNESCO public library manuals, 6 | ||
| 500 | _aIncludes appendix and bibliographical reference | ||
| 650 |
_aLibraries -- Africa. _999413 |
||
| 650 |
_aLibraries. _94519 |
||
| 942 |
_2ddc _cEN _h027.40960 _mUNE |
||
| 999 |
_c135930 _d135930 |
||